No 'plan B' for Ken (Record no. 71091)
[ view plain ]
| 000 -LEADER | |
|---|---|
| fixed length control field | 00940cam a2200229 4500 |
| 001 - CONTROL NUMBER | |
| control field | ABS65869 |
| 008 - FIXED-LENGTH DATA ELEMENTS--GENERAL INFORMATION | |
| fixed length control field | 020905n2002 000 0 eng u |
| 035 ## - SYSTEM CONTROL NUMBER | |
| System control number | (Sirsi) u119572 |
| 100 ## - MAIN ENTRY--PERSONAL NAME | |
| Personal name | Lainton, A. |
| 245 ## - TITLE STATEMENT | |
| Title | No 'plan B' for Ken |
| 260 ## - PUBLICATION, DISTRIBUTION, ETC. | |
| Date of publication, distribution, etc. | 2002 |
| 490 ## - SERIES STATEMENT | |
| Series statement | Town & Country Planning |
| Volume/sequential designation | 71July/August 2002, 193(1) |
| 520 ## - SUMMARY, ETC. | |
| Summary, etc. | Suggests that Livingstone's draft 'London plan' lacks any sense of what kind of place London is, how it is developed and what kind of problems this has produced. Disappointingly the plan often reads more like a business rather than a development plan and it will be difficult for those already living in London to tell how it will benefit their quality of life. |
| 590 ## - LOCAL NOTE (RLIN) | |
| Local note | ABS |
| 650 ## - SUBJECT ADDED ENTRY--TOPICAL TERM | |
| Topical term or geographic name entry element | LONDON PLAN |
| 650 ## - SUBJECT ADDED ENTRY--TOPICAL TERM | |
| Topical term or geographic name entry element | LONDON BOROUGHS |
| 650 ## - SUBJECT ADDED ENTRY--TOPICAL TERM | |
| Topical term or geographic name entry element | MAYOR OF LONDON |
| 650 ## - SUBJECT ADDED ENTRY--TOPICAL TERM | |
| Topical term or geographic name entry element | STRATEGIC GUIDANCE |
| 650 ## - SUBJECT ADDED ENTRY--TOPICAL TERM | |
| Topical term or geographic name entry element | POPULATION INCREASE |
| 690 ## - LOCAL SUBJECT ADDED ENTRY--TOPICAL TERM (OCLC, RLIN) | |
| Topical term or geographic name as entry element | Planning and development |
| 9 (RLIN) | 6259 |
| 942 ## - ADDED ENTRY ELEMENTS (KOHA) | |
| Suppress in OPAC | 0 |
| Withdrawn status | Lost status | Source of classification or shelving scheme | Damaged status | Not for loan | Home library | Current library | Shelving location | Date acquired | Total Checkouts | Full call number | Barcode | Date last seen | Copy number | Price effective from | Koha item type |
|---|---|---|---|---|---|---|---|---|---|---|---|---|---|---|---|
| Dewey Decimal Classification | London | London | Journal article | 05/09/2002 | ABS65869 | 119572-1001 | 06/08/2019 | 1 | 06/08/2019 | Journal article |